| 000 | 00862cam3a220028900 4500 | ||
|---|---|---|---|
| 001 | lce00770272 | ||
| 008 | 721113s1973 paua b 001 0 eng | ||
| 010 | _a 72011805 | ||
| 020 | _a0801956889 | ||
| 035 | _a(Sirsi) r66378 | ||
| 035 | _a(DLC) 72011805 | ||
| 035 | _a(UPRA)lce00770272 | ||
| 040 | _dUPRA | ||
| 050 | 0 |
_aR856 _b.W45 |
|
| 060 | _aQT34 W399b 1973 | ||
| 082 | _a574/.028 | ||
| 100 | 1 |
_aWeiss, Marvin D. _6A26861.1 |
|
| 245 | 1 | 0 |
_aBiomedical instrumentation / _c[by] Marvin D. Weiss. |
| 250 | _a[1st ed.]. | ||
| 260 |
_aPhiladelphia : _bChilton Book Co., _c[1973] |
||
| 504 | _aIncludes bibliographies. | ||
| 650 | 0 |
_aMedical instruments and apparatus. _6S19356.1 |
|
| 650 | 0 |
_aBiomedical engineering. _6S2412.1 |
|
| 650 | 2 |
_aBiomedical engineering. _6S2412.1 |
|
| 949 |
_aR856 _wLC _i-88810 _mMEDICAL _tBOOK _lON-SHELF |
||
| 004 | 66378 | ||
| 999 |
_c41455 _d41455 |
||